000 00517nam a2200205#a 4500
001 00373
003 HDC
007 ta
008 230623s2007 xx 000 0 eng d
040 _aHDC
050 _aSMIDEC HD 2341
_b.S65 2007
245 0 _aSMIDEC :
_bdasar, insentif, program dan bantuan kewangan untuk eks
264 _aKuala Lumpur:
_bSMIDEC,
_c2007
300 _a252p. :
_b ill. ;
_c 29cm
650 _aSmall business
942 _2lcc
942 _cBK
942 _kSMIDEC HD 2341
942 _m.S65 2007
999 _c22014
_d22014